Sports Trophies by Picture - Statistics

General Stats
  • This quiz has been taken 84 times
  • The average score is 4 of 20
Answer Stats
Picture Answer % Correct
World Cup
92%
Stanley Cup
41%
Super Cup
37%
Euro Cup
36%
Carabao Cup
32%
Ashes Urn
27%
Vince Lombardi Trophy
26%
Copa América
15%
Larry O'Brien Trophy
15%
European Cup
12%
Walter Cup
11%
Commissioner's Trophy
5%
Ellis Cup
4%
IPL Trophy
4%
Premiership Cup
4%
BBL Trophy
3%
Coupe de France
3%
Meisterschale
3%
Provan-Summons Trophy
0%
Wanamaker Trophy
0%
No matching quizzes found
Score Distribution
Percent of People with Each Score
Percentile by Number Answered
Your Score History
You have not taken this quiz